[Event "Hamar Open"]
[Site "Hamar"]
[Date "1983.??.??"]
[Round "1"]
[White "Levitt, Jonathan"]
[Black "Bass, Leonid"]
[Result "1/2-1/2"]
[WhiteElo "2310"]
[BlackElo "2405"]
[PlyCount "75"]
[EventDate "1983.01.??"]
[Source "www.chesslib.no"]
[SourceDate "2004.05.04"]

1. d4 Nf6 2. c4 e6 3. Nf3 d5 4. Nc3 Be7 5. Bg5 Nbd7 6. e3 O-O 7. Rc1 c6 8. Bd3 dxc4 9. Bxc4 Nd5 10. Bxe7 Qxe7 11. O-O Nxc3 12. Rxc3 e5 13. Qc2 exd4 14. exd4 Nb6 15. Re1 Qf6 16. Bb3 Bf5 17. Qd2 Rad8 18. Rc5 Bg4 19. Ne5 Be6 20. Bxe6 fxe6 21. Rc3 Nd5 22. Rf3 Qe7 23. Rxf8+ Rxf8 24. Re4 Rd8 25. h3 Nf6 26. Re3 Qd6 27. Rd3 Qd5 28. a3 a5 29. Qc2 Ne4 30. Re3 Nd6 31. Nf3 Nf5 32. Re5 Qd6 33. Rxa5 Nxd4 34. Nxd4 Qxd4 35. Ra4 Qd1+ 36. Qxd1 Rxd1+ 37. Kh2 Rd2 38. Rb4 1/2-1/2

[Event "1st WinTV Open"]
[Site "Chennai"]
[Date "2004.01.28"]
[Round "9"]
[White "Murali Krishnan, BT."]
[Black "Murugan, Krishnamoorthy"]
[Result "1-0"]
[WhiteElo "2319"]
[BlackElo "2390"]
[PlyCount "153"]
[EventDate "2004.01.21"]
[Source "Roberto Alvarez"]
[SourceDate "2004.02.09"]

1. d4 d5 2. c4 e6 3. Nc3 Nf6 4. Bg5 Nbd7 5. e3 Be7 6. Nf3 O-O 7. Rc1 c6 8. Bd3 dxc4 9. Bxc4 Nd5 10. Bxe7 Qxe7 11. O-O Nxc3 12. Rxc3 e5 13. Qc2 e4 14. Nd2 Nb6 15. Bb3 Bg4 16. Rc5 Nd7 17. Rc3 Be2 18. Rc1 Bd3 19. Qd1 Nf6 20. Rc5 Nd7 21. R5c3 Kh8 22. Bc4 Bxc4 23. Nxc4 Nf6 24. Qb3 Nd5 25. Qa3 Rfe8 26. Rb3 Qxa3 27. bxa3 Re7 28. Nd6 Nb6 29. a4 Rd8 30. Nxb7 Rxb7 31. a5 c5 32. axb6 cxd4 33. exd4 g6 34. Kf1 axb6 35. Rb4 Rbd7 36. Rd1 b5 37. Ke2 Ra7 38. Rd2 Rda8 39. Rbb2 Kg7 40. Ke3 f5 41. d5 Ra4 42. d6 Kf6 43. d7 Ra3+ 44. Ke2 Ke7 45. Rxb5 Rd3 46. Rxd3 exd3+ 47. Kxd3 Kxd7 48. Rb2 Kc6 49. Kc4 Ra4+ 50. Kb3 Kb5 51. a3 h5 52. Re2 Rg4 53. f3 Rg5 54. Kc3 Kc5 55. h4 Rg3 56. Kd3 Kd5 57. Ke3 g5 58. hxg5 Ke5 59. Rb2 f4+ 60. Kf2 h4 61. Rb5+ Ke6 62. g6 Kf6 63. Rh5 Rxg6 64. Rxh4 Kf5 65. Rh5+ Ke6 66. Rb5 Rg8 67. a4 Rc8 68. Rb2 Ra8 69. Rb4 Ke5 70. Rb5+ Ke6 71. a5 Rc8 72. Rb2 Ra8 73. Ra2 Ra6 74. Ke2 Kf5 75. Kd3 Kg5 76. Kc4 Kh4 77. Kb5 1-0

[Event "Chiasso Open"]
[Site "Chiasso"]
[Date "1991.??.??"]
[Round "11"]
[White "Klauser, Markus"]
[Black "Summermatter, Daniel"]
[Result "1/2-1/2"]
[WhiteElo "2370"]
[BlackElo "2320"]
[PlyCount "36"]
[EventDate "1991.??.??"]
[Source "www.chesslib.no"]
[SourceDate "2004.05.04"]

1. d4 e6 2. c4 Nf6 3. Nc3 d5 4. Bg5 Be7 5. e3 O-O 6. Nf3 Nbd7 7. Rc1 c6 8. Bd3 dxc4 9. Bxc4 Nd5 10. Bxe7 Qxe7 11. O-O Nxc3 12. Rxc3 e5 13. Qc2 exd4 14. exd4 Nf6 15. Re1 Qd6 16. Ng5 Bg4 17. Rg3 Bh5 18. Rh3 Qb4 1/2-1/2

[Event "Wch U20"]
[Site "Baguio City PHI"]
[Date "1987.??.??"]
[Round "?"]
[White "Piket, Jeroen"]
[Black "Puri, Vinny"]
[Result "1-0"]
[WhiteElo "2405"]
[BlackElo "2285"]
[PlyCount "53"]
[EventDate "1987.07.??"]
[Source "www.chesslib.no"]
[SourceDate "2004.05.04"]

1. d4 Nf6 2. Nf3 e6 3. c4 d5 4. Nc3 Be7 5. Bg5 Nbd7 6. e3 O-O 7. Rc1 c6 8. Bd3 dxc4 9. Bxc4 Nd5 10. Bxe7 Qxe7 11. O-O Nxc3 12. Rxc3 e5 13. Qc2 exd4 14. exd4 Nf6 15. Re1 Qd6 16. h3 Bd7 17. Rce3 Rae8 18. Re5 g6 19. a3 Kg7 20. Qc3 Nd5 21. Bxd5 cxd5 22. Qb3 Be6 23. Qe3 Bd7 24. Qb3 Be6 25. Qe3 Bd7 26. Re7 Be6 27. Qxe6 1-0

[Event "BL2-N9697"]
[Site "Germany"]
[Date "1996.??.??"]
[Round "?"]
[White "Dankert, Peter"]
[Black "Blauert, Joerg"]
[Result "0-1"]
[WhiteElo "2300"]
[BlackElo "2385"]
[PlyCount "122"]
[EventDate "1996.??.??"]
[Source "www.chesslib.no"]
[SourceDate "2004.05.04"]

1. d4 e6 2. c4 Nf6 3. Nf3 d5 4. Nc3 Be7 5. Bg5 O-O 6. e3 Nbd7 7. Rc1 c6 8. Bd3 dxc4 9. Bxc4 Nd5 10. Bxe7 Qxe7 11. O-O Nxc3 12. Rxc3 e5 13. Qc2 exd4 14. exd4 Nb6 15. Bb3 Be6 16. Re1 Bxb3 17. Rxb3 Qf6 18. Rbe3 Nd5 19. Re5 Rad8 20. a3 Qg6 21. Qc1 f6 22. Nh4 Qf7 23. R5e4 Rfe8 24. h3 g6 25. Nf3 Rxe4 26. Rxe4 Re8 27. Qe1 Rxe4 28. Qxe4 Qe7 29. Qxe7 Nxe7 30. Kf1 Kf7 31. Ke2 Ke6 32. Kd3 Kd5 33. Ng1 Nf5 34. Ne2 g5 35. Nc3+ Ke6 36. g3 Nd6 37. f3 h5 38. g4 hxg4 39. hxg4 f5 40. b3 Ne8 41. gxf5+ Kxf5 42. d5 cxd5 43. Nxd5 Nd6 44. a4 Ke5 45. Nc3 Kf4 46. Ke2 Nf5 47. Kf2 Nd4 48. Ne2+ Ke5 49. Nc1 Nf5 50. Ne2 Kd5 51. Nc3+ Kc5 52. Ne4+ Kb4 53. Nxg5 Kxb3 54. Ne4 b6 55. a5 bxa5 56. Nc5+ Kc4 57. Na4 Kb4 58. Nb2 Kb3 59. Nd3 a4 60. Nc5+ Kb4 61. Nd3+ Kc3 0-1

[Event "Moravia-ch op"]
[Site "?"]
[Date "1996.??.??"]
[Round "?"]
[White "Michalski Olaf"]
[Black "Michenka Jozef"]
[Result "1-0"]
[WhiteElo "2305"]
[BlackElo "2380"]
[PlyCount "68"]
[EventDate "1996.??.??"]
[Source "www.chesslib.no"]
[SourceDate "2004.05.04"]

1. d4 Nf6 2. c4 e6 3. Nf3 d5 4. Nc3 Be7 5. Bg5 O-O 6. e3 Nbd7 7. Rc1 c6 8. Bd3 dxc4 9. Bxc4 Nd5 10. Bxe7 Qxe7 11. O-O Nxc3 12. Rxc3 e5 13. Qc2 e4 14. Nd2 Nf6 15. a3 Bg4 16. b4 h5 17. h3 Bd7 18. Be2 Rfe8 19. Qb1 Nd5 20. Rc5 b6 21. Rcc1 Qh4 22. b5 Bxh3 23. gxh3 Nxe3 24. fxe3 Qg3+ 25. Kh1 Qxh3+ 26. Kg1 Qg3+ 27. Kh1 Qh3+ 28. Kg1 Qxe3+ 29. Rf2 Qxd2 30. Qc2 Qg5+ 31. Kf1 Re6 32. d5 Rg6 33. Ke1 e3 34. Rf5 Qg1+ 1-0

[Event "Birseck"]
[Site "Birseck"]
[Date "1971.??.??"]
[Round "13"]
[White "Zinser, Sylvain"]
[Black "Dueckstein, Andreas"]
[Result "1/2-1/2"]
[WhiteElo "2300"]
[BlackElo "2380"]
[PlyCount "29"]
[EventDate "1971.10.02"]
[Source "www.chesslib.no"]
[SourceDate "2004.05.04"]

1. d4 d5 2. c4 e6 3. Nc3 Nf6 4. Bg5 Nbd7 5. e3 Be7 6. Nf3 O-O 7. Rc1 c6 8. Bd3 dxc4 9. Bxc4 Nd5 10. Bxe7 Qxe7 11. O-O Nxc3 12. Rxc3 e5 13. Qc2 e4 14. Nd2 Nf6 15. Rc1 1/2-1/2

[Event "Porabka"]
[Site "Porabka"]
[Date "1987.??.??"]
[Round "11"]
[White "Halasz, Tamas"]
[Black "Gizynski, Tomasz"]
[Result "1-0"]
[WhiteElo "2400"]
[BlackElo "2280"]
[PlyCount "152"]
[EventDate "1987.??.??"]
[Source "www.chesslib.no"]
[SourceDate "2004.05.04"]

1. d4 Nf6 2. c4 e6 3. Nc3 d5 4. Nf3 Be7 5. Bg5 O-O 6. e3 Nbd7 7. Rc1 c6 8. Bd3 dxc4 9. Bxc4 Nd5 10. Bxe7 Qxe7 11. O-O Nxc3 12. Rxc3 e5 13. Qc2 e4 14. Nd2 Nf6 15. f3 Bf5 16. h3 Rae8 17. Bb3 Bc8 18. f4 Qd8 19. Rc5 Nd7 20. Rc3 Nf6 21. a3 Be6 22. f5 Bxb3 23. Rxb3 Re7 24. Qc5 a6 25. Nc4 Rc7 26. Na5 Qc8 27. Rf2 Rd8 28. Qc1 Nd5 29. Qc2 c5 30. Qxe4 c4 31. Rxb7 Rxb7 32. Nxb7 Qxb7 33. f6 Qd7 34. fxg7 Re8 35. Qh4 Rxe3 36. Rc2 c3 37. bxc3 Rxc3 38. Re2 Rc1+ 39. Kh2 Qc7+ 40. g3 Rc2 41. Qe4 Rxe2+ 42. Qxe2 Kxg7 43. Qg4+ Kf8 44. Qe4 Qc4 45. Qxh7 Qe2+ 46. Kg1 Qe3+ 47. Kg2 Nf6 48. Qf5 Qe2+ 49. Kg1 Ne4 50. Qf4 Nd2 51. Qh6+ Ke7 52. Qg5+ Ke6 53. d5+ Kd6 54. Qd8+ Kc5 55. Qc7+ Kd4 56. Qf4+ Kc3 57. Qf6+ Kb3 58. Qf2 Nf3+ 59. Kg2 Ne1+ 60. Kg1 Nf3+ 61. Kg2 Ne1+ 62. Kg1 Qe4 63. d6 Nf3+ 64. Kf1 Ne5 65. Qb6+ Ka2 66. h4 Qd3+ 67. Ke1 Qxg3+ 68. Qf2+ Qxf2+ 69. Kxf2 f6 70. h5 Kxa3 71. Kg3 Kb4 72. h6 a5 73. h7 Nf7 74. d7 a4 75. h8=Q Nxh8 76. d8=Q Kb3 1-0

[Event "Ch Mainz"]
[Site "Mainz GER"]
[Date "1995.??.??"]
[Round "6"]
[White "Kalkhof Stefan"]
[Black "Plachetka, Jan"]
[Result "1-0"]
[WhiteElo "2233"]
[BlackElo "2420"]
[PlyCount "55"]
[EventDate "1995.??.??"]
[Source "www.chesslib.no"]
[SourceDate "2004.05.04"]

1. d4 d5 2. c4 e6 3. Nc3 Nf6 4. Bg5 Be7 5. Nf3 Nbd7 6. Rc1 c6 7. e3 O-O 8. Bd3 dxc4 9. Bxc4 Nd5 10. Bxe7 Qxe7 11. O-O Nxc3 12. Rxc3 e5 13. Qc2 e4 14. Nd2 Nf6 15. f3 exf3 16. Nxf3 g6 17. Ne5 Bf5 18. Rxf5 gxf5 19. Qxf5 Rad8 20. Rb3 Rd6 21. Bd3 Kg7 22. Qg5+ Kh8 23. Qh6 Ne4 24. Rxb7 Rxh6 25. Rxe7 Ng5 26. g3 Kg8 27. h4 Ne6 28. Ng4 1-0

[Event "Warsaw Cup"]
[Site "Warsaw POL"]
[Date "1987.??.??"]
[Round "3"]
[White "Estremera Panos, Sergio"]
[Black "Streitberg, Petr"]
[Result "1/2-1/2"]
[WhiteElo "2330"]
[BlackElo "2230"]
[PlyCount "44"]
[EventDate "1987.04.??"]
[Source "www.chesslib.no"]
[SourceDate "2004.05.04"]

1. d4 d5 2. c4 e6 3. Nf3 Nf6 4. Nc3 Be7 5. Bg5 O-O 6. e3 Nbd7 7. Rc1 c6 8. Bd3 dxc4 9. Bxc4 Nd5 10. Bxe7 Qxe7 11. O-O Nxc3 12. Rxc3 e5 13. Qc2 exd4 14. exd4 Nb6 15. Re3 Qd8 16. Bb3 Nd5 17. Re5 f6 18. Bxd5+ cxd5 19. Re3 Bg4 20. Rfe1 Bxf3 21. gxf3 Rc8 22. Qf5 g6 1/2-1/2

[Event "Rymarov op"]
[Site "?"]
[Date "1999.??.??"]
[Round "?"]
[White "Michenka Jozef"]
[Black "Muratidis Nikos"]
[Result "1-0"]
[WhiteElo "2375"]
[BlackElo "2175"]
[PlyCount "75"]
[EventDate "1999.??.??"]
[Source "www.chesslib.no"]
[SourceDate "2004.05.04"]

1. d4 d5 2. c4 e6 3. Nc3 Nf6 4. Bg5 Nbd7 5. e3 Be7 6. Nf3 O-O 7. Rc1 c6 8. Bd3 dxc4 9. Bxc4 Nd5 10. Bxe7 Qxe7 11. O-O Nxc3 12. Rxc3 e5 13. Qc2 e4 14. Nd2 Nf6 15. a3 Re8 16. Rc1 Qd6 17. Qb3 Rf8 18. h3 Rb8 19. Qa2 Bd7 20. b4 g5 21. Bb3 Qe7 22. Rc5 g4 23. Re5 Qd8 24. hxg4 Nxg4 25. Rxe4 Bf5 26. Rf4 Qd7 27. Rc5 Bg6 28. Bc2 Nh6 29. Ne4 Bxe4 30. Bxe4 Rbe8 31. Rh5 Kg7 32. Rfh4 Re6 33. Qc2 Rh8 34. Qc5 Rg6 35. Qe5+ f6 36. Qf4 Nf7 37. Bxg6 hxg6 38. Rxh8 1-0

[Event "AUT Ch"]
[Site "Austria"]
[Date "1979.??.??"]
[Round "14"]
[White "Danner, Georg"]
[Black "Raffalt, Manfred"]
[Result "1-0"]
[WhiteElo "2335"]
[BlackElo "2200"]
[PlyCount "49"]
[EventDate "1979.??.??"]
[Source "www.chesslib.no"]
[SourceDate "2004.05.04"]

1. d4 d5 2. c4 e6 3. Nc3 Nf6 4. Bg5 Nbd7 5. e3 c6 6. Nf3 Be7 7. Bd3 dxc4 8. Bxc4 Nd5 9. Bxe7 Qxe7 10. Rc1 Nxc3 11. Rxc3 O-O 12. O-O e5 13. Qc2 e4 14. Nd2 Nf6 15. Bb3 a5 16. Rc5 Nd7 17. Rf5 a4 18. Bc4 b5 19. Be2 g6 20. Rf4 f5 21. Qxc6 Ra6 22. Qxb5 Re6 23. Bc4 Kg7 24. Bxe6 Qxe6 25. d5 1-0

[Event "CZE-ch U18"]
[Site "CZE"]
[Date "1998.??.??"]
[Round "?"]
[White "Cvek, Robert"]
[Black "Hoffmann, M."]
[Result "1-0"]
[WhiteElo "2455"]
[BlackElo "2070"]
[PlyCount "195"]
[EventDate "1998.01.??"]
[Source "www.chesslib.no"]
[SourceDate "2004.05.04"]

1. d4 d5 2. Nf3 Nf6 3. c4 e6 4. Nc3 Be7 5. Bg5 Nbd7 6. e3 O-O 7. Rc1 c6 8. Bd3 dxc4 9. Bxc4 Nd5 10. Bxe7 Qxe7 11. O-O Nxc3 12. Rxc3 e5 13. Qc2 exd4 14. exd4 Nb6 15. Bb3 Be6 16. Qe4 Nd5 17. Bxd5 cxd5 18. Qe5 Rac8 19. Rfc1 f6 20. Qe3 Qd7 21. Nd2 Rxc3 22. Rxc3 Rc8 23. h4 Rxc3 24. Qxc3 b6 25. Kh2 Qc8 26. Qxc8+ Bxc8 27. Nb1 Bb7 28. Nc3 Bc6 29. Kg3 h6 30. h5 Kf7 31. Nd1 Ke6 32. Ne3 Bb5 33. Kf4 Bd3 34. a3 Be4 35. f3 Bd3 36. g3 Bb1 37. Ng2 Bd3 38. Ke3 Bh7 39. Nf4+ Kd6 40. Ne2 Bf5 41. Nc3 Bd7 42. g4 Bc6 43. Ne2 Ba4 44. Kd2 Bd7 45. Ng3 Ke7 46. Ke3 Kf7 47. Kf4 Ke7 48. Nf1 Kf7 49. Ne3 Ke6 50. b3 a5 51. Nd1 Bb5 52. Ke3 f5 53. Nc3 Bc6 54. Kf4 fxg4 55. fxg4 Kf6 56. b4 Ke6 57. Nd1 axb4 58. axb4 Bb5 59. Ne3 Bd7 60. Nf5 Kf6 61. Nh4 Be8 62. Nf3 g6 63. hxg6 Bxg6 64. Ne5 Be8 65. Kg3 Kg5 66. Nf3+ Kf6 67. Kh4 Ke6 68. Ne5 Kf6 69. Kg3 Kg5 70. Nf3+ Kf6 71. Kf4 Bf7 72. Nh4 Be6 73. Ng2 Bd7 74. Ne3 Be6 75. Nd1 Bd7 76. Nc3 Bc6 77. b5 Bd7 78. Nxd5+ Ke6 79. Nc3 Kd6 80. Kg3 Be8 81. Kh4 Ke6 82. Kg3 Kd6 83. Kf4 Ke6 84. g5 hxg5+ 85. Kxg5 Bd7 86. Kf4 Kd6 87. Ke3 Bf5 88. Kd2 Bd7 89. Kd3 Bf5+ 90. Kc4 Be6+ 91. Kb4 Bf5 92. Na4 Kc7 93. Kc4 Bc2 94. Nc3 Kd6 95. Nd5 Bd1 96. Nxb6 Bf3 97. Kb4 Kc7 98. Kc5 1-0

[Event "ch-Euro IBCA"]
[Site "Durham ENG"]
[Date "2007.08.21"]
[Round "7"]
[White "Smirnov, SN."]
[Black "Wassin, S."]
[Result "1-0"]
[WhiteElo "2201"]
[BlackElo "2299"]
[PlyCount "71"]
[EventDate "2007.08.14"]
[Source "www.chesslib.no"]
[SourceDate "2004.05.04"]

1. d4 d5 2. c4 e6 3. Nf3 c6 4. Nc3 Nf6 5. Bg5 Be7 6. e3 O-O 7. Rc1 Nbd7 8. Bd3 dxc4 9. Bxc4 Nd5 10. Bxe7 Qxe7 11. O-O Nxc3 12. Rxc3 e5 13. Qc2 exd4 14. exd4 Nb6 15. Bb3 Qf6 16. Re1 Bf5 17. Qd2 Rad8 18. Rce3 Bg4 19. Qa5 Bxf3 20. Rxf3 Qxd4 21. Qxa7 Qb4 22. Rfe3 Nd5 23. Re4 Qb5 24. h3 g6 25. Qd4 c5 26. Qe5 Qc6 27. Rd1 Rfe8 28. Rxd5 Rxe5 29. Rxd8+ Kg7 30. Rxe5 c4 31. Bd1 b5 32. Re7 Qf6 33. Rdd7 Qxb2 34. Rxf7+ Kg8 35. Rxh7 c3 36. Bb3+ 1-0

[Event "Quito I Copa CDP"]
[Site "?"]
[Date "2003.10.15"]
[Round "2"]
[White "Moreno Alejandro"]
[Black "Guerra Tulcan Lenin"]
[Result "1/2-1/2"]
[WhiteElo "2390"]
[BlackElo "2076"]
[PlyCount "203"]
[EventDate "2003.??.??"]
[Source "www.chesslib.no"]
[SourceDate "2004.05.04"]

1. d4 d5 2. c4 e6 3. Nc3 Nf6 4. Bg5 Nbd7 5. e3 Be7 6. Nf3 O-O 7. Rc1 c6 8. Bd3 dxc4 9. Bxc4 Nd5 10. Bxe7 Qxe7 11. O-O Nxc3 12. Rxc3 e5 13. Qc2 exd4 14. exd4 Nb6 15. Bb3 Qf6 16. Rc5 g6 17. Re1 Bf5 18. Qd2 Nd7 19. Rc3 Rae8 20. Rce3 Rxe3 21. Rxe3 c5 22. d5 b5 23. Bd1 Nb6 24. Be2 a6 25. Ne5 Rd8 26. Bf3 Qd6 27. g4 Bc8 28. Qa5 Rf8 29. b3 Bb7 30. Nc6 Nxd5 31. Bxd5 Bxc6 32. Bxc6 Qxc6 33. h3 c4 34. bxc4 bxc4 35. Re5 Rb8 36. Rd5 c3 37. Rd8+ Rxd8 38. Qxd8+ Kg7 39. Qd4+ Qf6 40. Qc5 h6 41. Kg2 Kh7 42. Qc4 h5 43. a4 hxg4 44. hxg4 Qe6 45. Qxc3 Qxg4+ 46. Kf1 Qd1+ 47. Kg2 Qxa4 48. Qh3+ Kg7 49. Qc3+ f6 50. Qc7+ Kh6 51. Qb6 Qe4+ 52. Kg1 Qg4+ 53. Kh1 Qh5+ 54. Kg1 Qb5 55. Qd6 a5 56. f4 Qf5 57. Kh2 Kh5 58. Qd1+ Qg4 59. Qd5+ f5 60. Qd6 Qh4+ 61. Kg2 Qg4+ 62. Kh2 Qe2+ 63. Kg3 Qe3+ 64. Kh2 Qf2+ 65. Kh1 Qf1+ 66. Kh2 a4 67. Kg3 Qe1+ 68. Kh3 Qe3+ 69. Kg2 a3 70. Qd1+ Kh6 71. Qh1+ Kg7 72. Qa1+ Kf7 73. Qa2+ Kg7 74. Qa1+ Kh7 75. Qh1+ Kg8 76. Qf1 Qe4+ 77. Kg3 a2 78. Qc1 Qd4 79. Qc8+ Kh7 80. Qb7+ Kh6 81. Qh1+ Kg7 82. Qb7+ Kf8 83. Qa6 Kg7 84. Qb7+ Kf8 85. Qa8+ Ke7 86. Qb7+ Qd7 87. Qb4+ Kf7 88. Qb3+ Qe6 89. Qb7+ Qe7 90. Qb3+ Kg7 91. Qb2+ Qf6 92. Qxa2 Qc3+ 93. Kg2 Qc6+ 94. Kg3 Qc3+ 95. Kg2 Kh6 96. Qf2 Qc6+ 97. Kh2 Qe4 98. Qh4+ Kg7 99. Qf2 Kh6 100. Qh4+ Kg7 101. Qf2 Kh6 102. Qh4+ 1/2-1/2

[Event "Santa Olaya (7eme open)"]
[Site "?"]
[Date "2003.10.01"]
[Round "5.5"]
[White "Guerrero Olmos Sergio"]
[Black "Acebal Muniz Antonio"]
[Result "1/2-1/2"]
[WhiteElo "2125"]
[BlackElo "2230"]
[PlyCount "50"]
[EventDate "2003.??.??"]
[Source "www.chesslib.no"]
[SourceDate "2004.05.04"]

1. d4 d5 2. c4 e6 3. Nc3 Nf6 4. Bg5 Be7 5. e3 O-O 6. Nf3 Nbd7 7. Rc1 c6 8. Bd3 dxc4 9. Bxc4 Nd5 10. Bxe7 Qxe7 11. O-O Nxc3 12. Rxc3 e5 13. Qc2 exd4 14. exd4 Nb6 15. Re1 Qd8 16. Bb3 Nd5 17. Bxd5 Qxd5 18. Re5 Qd6 19. Qe4 Bd7 20. Ng5 Qg6 21. Qxg6 hxg6 22. Re7 Rae8 23. Rce3 Rxe7 24. Rxe7 Re8 25. Rxe8+ Bxe8 1/2-1/2

[Event "Le Touquet op 15th"]
[Site "?"]
[Date "2000.10.30"]
[Round "4"]
[White "Villeneuve Alain"]
[Black "Levers Thierry"]
[Result "1-0"]
[WhiteElo "2293"]
[BlackElo "2016"]
[PlyCount "79"]
[EventDate "2000.??.??"]
[Source "www.chesslib.no"]
[SourceDate "2004.05.04"]

1. d4 d5 2. Nf3 Nf6 3. c4 e6 4. Nc3 Be7 5. Bg5 Nbd7 6. e3 O-O 7. Rc1 c6 8. Bd3 dxc4 9. Bxc4 Nd5 10. Bxe7 Qxe7 11. O-O Nxc3 12. Rxc3 e5 13. Qc2 e4 14. Nd2 Nf6 15. Rb1 a5 16. a3 Re8 17. b4 axb4 18. axb4 Bd7 19. Qb2 Qd6 20. Be2 Be6 21. b5 Ra2 22. Qc1 Bd5 23. bxc6 Bxc6 24. Bc4 Ra7 25. h3 Rea8 26. Bb3 Nd7 27. Qd1 Re8 28. Nc4 Qf6 29. Rcc1 Bb5 30. Qg4 Ra6 31. Nd2 Bc6 32. d5 Ne5 33. Qxe4 Bb5 34. Qd4 Bd3 35. f4 Bxb1 36. fxe5 Qf5 37. Nxb1 Rg6 38. e6 fxe6 39. dxe6 Kf8 40. Rf1 1-0

[Event "Camp. scozzese 2008"]
[Site "Glasgow SCO"]
[Date "2008.06.10"]
[Round "6"]
[White "Grant, J."]
[Black "Brunello, M."]
[Result "0-1"]
[WhiteElo "2272"]
[BlackElo "2035"]
[PlyCount "142"]
[EventDate "2008.06.05"]
[Source "www.chesslib.no"]
[SourceDate "2004.05.04"]

1. c4 e6 2. Nc3 d5 3. d4 Be7 4. Nf3 Nf6 5. Bg5 O-O 6. e3 Nbd7 7. Rc1 c6 8. Bd3 dxc4 9. Bxc4 Nd5 10. Bxe7 Qxe7 11. O-O Nxc3 12. Rxc3 e5 13. Qc2 exd4 14. exd4 Nf6 15. Re1 Qd6 16. Ne5 Be6 17. Bxe6 Qxe6 18. Ree3 Qxa2 19. g4 Nd5 20. Rh3 Qa1+ 21. Qc1 Qxc1+ 22. Rxc1 Nf4 23. Re3 Rad8 24. Nf3 Rd7 25. Rce1 Ne6 26. Re4 Rfd8 27. h3 Kf8 28. Ra1 a6 29. Kg2 Nxd4 30. Ne5 Rd5 31. Rae1 f6 32. Nc4 c5 33. Nb6 R5d6 34. Nc4 R6d7 35. Nb6 Rc7 36. Rc1 Rc6 37. Na4 b6 38. Rce1 b5 39. Nc3 Rcd6 40. Re7 R6d7 41. R7e4 Nc2 42. R1e2 Rd2 43. Rxd2 Rxd2 44. Re6 Nb4 45. Ne4 Rd5 46. Nd6 Re5 47. Rxe5 fxe5 48. Kf3 Ke7 49. Nf5+ Kf6 50. Ke4 c4 51. Nd6 Ke6 52. Ne8 g6 53. f3 Nd3 54. Nc7+ Kd6 55. Nxa6 Kc6 56. h4 Kb7 57. Nc5+ Nxc5+ 58. Kxe5 Kc6 59. f4 Nd3+ 60. Ke4 Kd6 61. f5 Nxb2 62. fxg6 hxg6 63. Kf4 Ke6 64. Kg5 Kf7 65. Kh6 c3 66. Kh7 c2 67. h5 gxh5 68. g5 c1=Q 69. g6+ Kf6 70. g7 Qc8 71. Kh6 Qg8 0-1

[Event "Plunge"]
[Site "?"]
[Date "2000.??.??"]
[Round "4"]
[White "Krivousas Tomas"]
[Black "Petraitis Gintautas"]
[Result "0-1"]
[WhiteElo "2208"]
[BlackElo "2071"]
[PlyCount "70"]
[EventDate "2000.??.??"]
[Source "www.chesslib.no"]
[SourceDate "2004.05.04"]

1. d4 d5 2. c4 e6 3. Nc3 Nf6 4. Bg5 Be7 5. e3 O-O 6. Nf3 Nbd7 7. Rc1 c6 8. Bd3 dxc4 9. Bxc4 Nd5 10. Bxe7 Qxe7 11. O-O Nxc3 12. Rxc3 e5 13. Qc2 e4 14. Nd2 Nf6 15. a3 Bg4 16. Rc1 Bh5 17. b4 a6 18. Qb1 Rad8 19. a4 Rd6 20. Bf1 Nd5 21. Rc5 f5 22. b5 axb5 23. axb5 f4 24. exf4 e3 25. Ne4 Bg6 26. f3 Nxf4 27. Qb3+ Kh8 28. Qxe3 Re6 29. Re1 Nd5 30. Qd3 Nf6 31. bxc6 bxc6 32. Qc4 Nxe4 33. fxe4 Rxe4 34. Re2 Qf6 35. Rb2 Re1 0-1

[Event "CP.1999.P.00077"]
[Site "?"]
[Date "1999.??.??"]
[Round "?"]
[White "Al Jabari Osama"]
[Black "Lazan Rastislav"]
[Result "0-1"]
[WhiteElo "2100"]
[BlackElo "2165"]
[PlyCount "116"]
[EventDate "1999.??.??"]
[Source "www.chesslib.no"]
[SourceDate "2004.05.04"]

1. d4 Nf6 2. c4 e6 3. Nf3 d5 4. Bg5 Nbd7 5. e3 Be7 6. Nc3 O-O 7. Rc1 c6 8. Bd3 dxc4 9. Bxc4 Nd5 10. Bxe7 Qxe7 11. O-O Nxc3 12. Rxc3 e5 13. Qc2 exd4 14. exd4 Nb6 15. Re3 Qd8 16. Bd3 g6 17. Rfe1 Nd5 18. Re5 Bg4 19. Bc4 Bxf3 20. gxf3 Nb6 21. R1e4 Qf6 22. Kg2 Rad8 23. Qc3 Nc8 24. Re1 Nd6 25. Bd3 Rfe8 26. Qa5 Rxe5 27. dxe5 Qg5+ 28. Kh1 Ne8 29. Rg1 Qe7 30. Bc4 Nc7 31. f4 Rd4 32. Bb3 Rxf4 33. e6 Nxe6 34. Qxa7 Nf8 35. Qe3 Qxe3 36. fxe3 Rf2 37. Rg2 Rf1+ 38. Rg1 Rxg1+ 39. Kxg1 Kg7 40. Kf2 Ne6 41. Bc4 Kf6 42. b4 Ke5 43. Ke2 f5 44. a3 Ng5 45. Bg8 h6 46. Bb3 Ne4 47. Bf7 g5 48. Bb3 h5 49. Ke1 h4 50. Bd1 g4 51. Kf1 Nc3 52. Bc2 Nd5 53. Kf2 f4 54. exf4+ Kxf4 55. Kg1 g3 56. hxg3+ Kxg3 57. b5 cxb5 58. Be4 Ne3 0-1

[Event "Bayernliga 2004/05"]
[Site "?"]
[Date "2004.11.14"]
[Round "2.2"]
[White "Nurbekoglu Michael"]
[Black "Richter Martin[66Pang"]
[Result "0-1"]
[WhiteElo "2092"]
[BlackElo "2163"]
[PlyCount "78"]
[EventDate "2004.??.??"]
[Source "www.chesslib.no"]
[SourceDate "2004.05.04"]

1. d4 Nf6 2. Nf3 e6 3. c4 d5 4. Nc3 Be7 5. Bg5 O-O 6. e3 Nbd7 7. Rc1 c6 8. Bd3 dxc4 9. Bxc4 Nd5 10. Bxe7 Qxe7 11. O-O Nxc3 12. Rxc3 e5 13. Qc2 e4 14. Nd2 Nf6 15. Be2 Bf5 16. Rc5 Nd5 17. a3 Rfe8 18. Rc1 Rad8 19. Bc4 Qg5 20. Qb3 Bh3 21. g3 Re7 22. Bxd5 cxd5 23. Qd1 h5 24. Rc7 g6 25. Rxe7 Qxe7 26. f4 Qd7 27. Rc5 b6 28. Rc3 Kg7 29. Qe2 Rc8 30. Nb1 Rh8 31. Rc1 Bg4 32. Qf2 Bf3 33. Nd2 Bg4 34. Nf1 Rc8 35. Qe1 Rxc1 36. Qxc1 Qb5 37. b4 Bh3 38. Kf2 Qd3 39. Qa1 Qc2+ 0-1

[Event "Hungary HUN"]
[Site "?"]
[Date "2005.12.04"]
[Round "5"]
[White "Szekeres Robert"]
[Black "Kiss Kinga"]
[Result "1/2-1/2"]
[WhiteElo "2216"]
[BlackElo "2033"]
[PlyCount "120"]
[EventDate "2005.??.??"]
[Source "www.chesslib.no"]
[SourceDate "2004.05.04"]

1. d4 d5 2. c4 e6 3. Nc3 Nf6 4. Bg5 Be7 5. e3 O-O 6. Nf3 Nbd7 7. Rc1 c6 8. Bd3 dxc4 9. Bxc4 Nd5 10. Bxe7 Qxe7 11. O-O Nxc3 12. Rxc3 e5 13. Qc2 exd4 14. exd4 Nf6 15. Re1 Qd6 16. Ng5 Bg4 17. Nxf7 Rxf7 18. Bxf7+ Kxf7 19. Qb3+ Kf8 20. Qxb7 Rc8 21. Qxa7 Be6 22. a3 Bd5 23. Qc5 Qxc5 24. dxc5 Rb8 25. b4 Kf7 26. f3 g6 27. Kf2 Nh5 28. g3 Ng7 29. Rd3 Ne6 30. Red1 Nc7 31. Ra1 Ke7 32. h4 Ne6 33. Rad1 Nc7 34. Re1+ Kd7 35. Re5 Ra8 36. g4 Rf8 37. Kg3 Ne6 38. Rexd5+ cxd5 39. Rxd5+ Kc7 40. b5 Re8 41. a4 Rd8 42. Rxd8 Kxd8 43. c6 Kc7 44. f4 Nc5 45. a5 Ne4+ 46. Kf3 Nd6 47. b6+ Kxc6 48. f5 gxf5 49. gxf5 Nxf5 50. Kg4 Nd6 51. Kg5 Kb7 52. Kf6 Ka6 53. Ke6 Nc4 54. Kf7 Nd6+ 55. Ke6 Nc4 56. h5 Nxa5 57. Kf7 Kxb6 58. Kg7 Kc7 59. Kxh7 Nc6 60. h6 Ne7 1/2-1/2

[Event "FRA-chT2"]
[Site "?"]
[Date "2002.02.03"]
[Round "7.7"]
[White "Couche Didier"]
[Black "Faure Stephane"]
[Result "0-1"]
[WhiteElo "2102"]
[BlackElo "2132"]
[PlyCount "66"]
[EventDate "2002.??.??"]
[Source "www.chesslib.no"]
[SourceDate "2004.05.04"]

1. d4 d5 2. c4 e6 3. Nc3 Nf6 4. Bg5 Be7 5. Nf3 O-O 6. e3 Nbd7 7. Rc1 c6 8. Bd3 dxc4 9. Bxc4 Nd5 10. Bxe7 Qxe7 11. O-O Nxc3 12. Rxc3 e5 13. Qc2 Re8 14. a3 e4 15. Nd2 Nb6 16. Bb3 Bg4 17. Rc1 Rad8 18. Rc5 Nd7 19. Ra5 c5 20. dxc5 Ne5 21. c6 bxc6 22. Nxe4 Nd3 23. Ng5 Bh5 24. Rf1 c5 25. Nh3 Bg6 26. Qc3 Qb7 27. Nf4 Nxf4 28. exf4 Rd3 29. Qxc5 Qxb3 30. f5 Rd1 31. g3 Rxf1+ 32. Kxf1 Qf3 33. Qc1 Qh1# 0-1

[Event "Corr"]
[Site "?"]
[Date "1998.??.??"]
[Round "?"]
[White "Scholbach Tillmann"]
[Black "Bairamian Frank"]
[Result "1/2-1/2"]
[WhiteElo "1800"]
[BlackElo "2390"]
[PlyCount "54"]
[EventDate "1998.??.??"]
[Source "www.chesslib.no"]
[SourceDate "2004.05.04"]

1. c4 e6 2. Nc3 d5 3. d4 Nf6 4. Bg5 Be7 5. e3 O-O 6. Nf3 Nbd7 7. Rc1 c6 8. Bd3 dxc4 9. Bxc4 Nd5 10. Bxe7 Qxe7 11. O-O Nxc3 12. Rxc3 e5 13. Qc2 exd4 14. Nxd4 Ne5 15. Bb3 Rd8 16. Rd1 Bg4 17. Rf1 Bc8 18. Qe4 Qd6 19. Bc2 Ng6 20. Rd3 Qf8 21. Rdd1 Bd7 22. Rd2 c5 23. Nb3 Bc6 24. Qg4 Rxd2 25. Nxd2 Rd8 26. Rd1 Nh4 27. g3 Ng6 1/2-1/2